| 000 | 00378 a2200133 4500 | ||
|---|---|---|---|
| 001 | 63727 | ||
| 040 | _cAnchieta - Pituba | ||
| 100 | _aBenosik, Gissélia Maria Silva | ||
| 240 | 1 | 0 |
_a1ª Avaliação de Ciências, II Unidade _lpor |
| 245 | 1 | 0 | _a1ª Avaliação de Ciências, II Unidade |
| 362 | 0 | _a2017 | |
| 650 | 4 | _aBIOLOGIA, CIÊNICAS DA VIDA (CIÊNCIAS NATURAIS) | |
| 942 | _cBK | ||
| 999 |
_c63727 _d63727 |
||